[Event "BCF-chT3 0910 (4NCL)"]
[Site "England"]
[Date "2010.05.01"]
[Round "9.5"]
[White "Kemp, Paul Michael"]
[Black "Aggarwal, Kumarsambhav"]
[Result "1-0"]
[WhiteElo "2026"]
[BlackElo "1786"]
[PlyCount "84"]
[EventDate "2009.10.24"]
[EventType "team-tourn"]
[EventRounds "11"]
[EventCountry "ENG"]
[SourceTitle "EXT 2011"]
[Source "ChessBase"]
[SourceDate "2010.11.26"]
[SourceVersion "1"]
[SourceVersionDate "2010.11.26"]
[SourceQuality "1"]
[WhiteTeam "Wessex II"]
[BlackTeam "Sussex Smart Controls"]
[WhiteTeamCountry "ENG"]
[BlackTeamCountry "ENG"]

1. d4 d5 2. Nf3 Nf6 3. e3 e6 4. Bd3 Be7 5. 0-0 Nbd7 6. b3 0-0 7. Bb2 b6 8. Nbd2 Bb7 9. Ne5 c5 10. f4 Ne4 11. Nxd7 Qxd7 12. Nf3 Rfd8 13. Ne5 Qc7 14. Rc1 f6 15. Nf3 Rac8 16. c4 Qd7 17. Qe2 Qe8 18. a3 a5 19. Nd2 Kh8 20. Nb1 Qf7 21. Nc3 cxd4 22. exd4 Nxc3 23. Rxc3 f5 24. Rcc1 Bf6 25. c5 bxc5 26. dxc5 Bc6 27. b4 Bxb2 28. Qxb2 axb4 29. axb4 Qb7 30. b5 Rc7 31. Qe5 Be8 32. Qd4 Rb8 33. Rb1 Rcc8 34. g3 Qa7 35. Rfc1 Qa5 36. Ra1 Qc7 37. b6 Qc6 38. Ra7 Rb7 39. Bb5 Qxb5 40. Rxb7 Bd7 41. c6 Rxc6 42. Rb8+ Bc8 1-0

[Event "BCF-chT3 0506 (4NCL)"]
[Site "Birmingham"]
[Date "2006.01.15"]
[Round "6.1"]
[White "Kemp, Paul Michael"]
[Black "Clark, Ian C"]
[Result "1/2-1/2"]
[WhiteElo "2125"]
[BlackElo "2133"]
[PlyCount "43"]
[EventDate "2005.10.22"]
[EventType "team"]
[EventRounds "11"]
[EventCountry "ENG"]
[SourceTitle "EXT 2007"]
[Source "ChessBase"]
[SourceDate "2006.11.23"]
[SourceVersion "1"]
[SourceVersionDate "2006.11.23"]
[SourceQuality "1"]
[WhiteTeam "Poisoned Pawns II"]
[BlackTeam "Wessex II"]
[WhiteTeamCountry "ENG"]
[BlackTeamCountry "ENG"]

1. e4 c5 2. c3 Nf6 3. e5 Nd5 4. d4 e6 5. Nf3 cxd4 6. cxd4 Nc6 7. Nc3 Nb6 8. a3 d6 9. Bd3 Be7 10. 0-0 a6 11. Qe2 d5 12. Be3 f6 13. exf6 Bxf6 14. Ne5 Ke7 15. f4 Qe8 16. b4 Bd7 17. Qb2 Na7 18. b5 a5 19. Rac1 Nac8 20. a4 g6 21. Qf2 Nd6 22. Qf3 1/2-1/2

[Event "Guernsey op 31st "]
[Site "Cobo Bay"]
[Date "2005.10.22"]
[Round "7"]
[White "Downey, Kevin"]
[Black "Kemp, Paul Michael"]
[Result "1/2-1/2"]
[WhiteElo "2060"]
[BlackElo "2051"]
[PlyCount "38"]
[EventDate "2005.10.16"]
[EventType "swiss"]
[EventRounds "7"]
[EventCountry "GCI"]
[SourceTitle "EXT 2006"]
[Source "ChessBase"]
[SourceDate "2005.11.24"]
[SourceVersion "1"]
[SourceVersionDate "2005.11.24"]
[SourceQuality "1"]

1. c4 c5 2. Nf3 g6 3. Nc3 Bg7 4. g3 Nc6 5. Bg2 d6 6. d3 e5 7. a3 a5 8. 0-0 Nge7 9. e4 0-0 10. Ne1 h6 11. Nc2 Rb8 12. Bd2 Bd7 13. Rb1 Nd4 14. b4 b6 15. bxa5 bxa5 16. Nxd4 exd4 17. Nb5 Bc6 18. a4 f5 19. f4 fxe4 1/2-1/2

[Event "Guernsey op 31st "]
[Site "Cobo Bay"]
[Date "2005.10.19"]
[Round "4"]
[White "Wiecker, Stefan"]
[Black "Kemp, Paul Michael"]
[Result "1/2-1/2"]
[WhiteElo "1981"]
[BlackElo "2051"]
[PlyCount "159"]
[EventDate "2005.10.16"]
[EventType "swiss"]
[EventRounds "7"]
[EventCountry "GCI"]
[SourceTitle "EXT 2006"]
[Source "ChessBase"]
[SourceDate "2005.11.24"]
[SourceVersion "1"]
[SourceVersionDate "2005.11.24"]
[SourceQuality "1"]

1. e4 c5 2. Nc3 g6 3. g3 Bg7 4. Bg2 Nc6 5. d3 d6 6. f4 Nf6 7. Nf3 0-0 8. 0-0 Bg4 9. h3 Bxf3 10. Qxf3 Nd4 11. Qf2 Nd7 12. f5 e6 13. Nd1 Rb8 14. Ne3 b5 15. g4 Bf6 16. c3 Nc6 17. Nd1 g5 18. Qd2 Kg7 19. Nf2 h6 20. Nh1 Be5 21. Qe1 Nb6 22. Ng3 Bxg3 23. Qxg3 f6 24. fxe6 Qe7 25. Rf5 Qxe6 26. Bd2 Nc8 27. Qe3 N8e7 28. Rf2 Qe5 29. Rd1 b4 30. Be1 bxc3 31. bxc3 Rb6 32. d4 cxd4 33. cxd4 Qb5 34. Bc3 Qa4 35. Rdf1 Ng6 36. e5 dxe5 37. dxe5 Ncxe5 38. Be4 Qd7 39. Rf5 Re6 40. Qg3 Nf4 41. R5xf4 gxf4 42. Qxf4 Ng6 43. Qf5 Qe8 44. Bb1 Qf7 45. h4 Rc8 46. Bd4 Rc4 47. Qd3 Rd6 48. h5 Rcxd4 49. Qxg6+ Qxg6 50. hxg6 Rxg4+ 51. Kh2 Rd2+ 52. Kh3 Rc4 53. Re1 Rc3+ 54. Kg4 Rg2+ 55. Kf5 Rc5+ 56. Kf4 Rc7 57. Re3 Rg1 58. Rb3 Rh1 59. Kf5 Re1 60. Kf4 Rc4+ 61. Kg3 Rxb1 62. Rxb1 Kxg6 63. Kf3 Ra4 64. Rb2 h5 65. Kg3 Kg5 66. Rb5+ f5 67. Rb2 f4+ 68. Kh2 a5 69. Rg2+ Kf5 70. Rb2 Ra3 71. Kg2 h4 72. Kh2 f3 73. Rc2 Ke4 74. Kg1 Kf4 75. Kf2 Ra4 76. Rc8 Rxa2+ 77. Kf1 Kg4 78. Rg8+ Kh3 79. Rf8 Kg3 80. Rg8+ 1/2-1/2

[Event "Guernsey op 31st "]
[Site "Cobo Bay"]
[Date "2005.10.17"]
[Round "2"]
[White "Goris Schouwstra, Adry"]
[Black "Kemp, Paul Michael"]
[Result "1/2-1/2"]
[WhiteElo "1916"]
[BlackElo "2051"]
[PlyCount "49"]
[EventDate "2005.10.16"]
[EventType "swiss"]
[EventRounds "7"]
[EventCountry "GCI"]
[SourceTitle "EXT 2006"]
[Source "ChessBase"]
[SourceDate "2005.11.24"]
[SourceVersion "1"]
[SourceVersionDate "2005.11.24"]
[SourceQuality "1"]

1. d4 Nf6 2. Nf3 e6 3. c4 Bb4+ 4. Bd2 Qe7 5. a3 Bxd2+ 6. Nbxd2 0-0 7. e3 d6 8. Be2 e5 9. dxe5 dxe5 10. Qc2 Re8 11. Ne4 Nbd7 12. 0-0 Nxe4 13. Qxe4 Nf6 14. Qc2 c5 15. e4 b6 16. Nd2 Bb7 17. f3 Rad8 18. Rad1 Nh5 19. g3 Qg5 20. Kf2 Rd6 21. Nb3 Rh6 22. Qd2 Nf4 23. Rh1 Nh3+ 24. Kg2 Nf4+ 25. Kf2 1/2-1/2

[Event "Jersey op"]
[Site "Jersey"]
[Date "2003.02.20"]
[Round "5"]
[White "Bellin, Robert"]
[Black "Kemp, Paul Michael"]
[Result "1-0"]
[WhiteElo "2360"]
[BlackElo "2028"]
[PlyCount "74"]
[EventDate "2003.02.16"]
[EventType "swiss"]
[EventRounds "7"]
[EventCountry "JCI"]
[SourceTitle "CBM 092 Extra"]
[Source "ChessBase"]
[SourceDate "2003.03.07"]
[SourceVersion "1"]
[SourceVersionDate "2003.03.07"]
[SourceQuality "1"]

1. Nf3 c5 2. e4 g6 3. d4 cxd4 4. Qxd4 Nf6 5. e5 Nc6 6. Qa4 Nd5 7. Qb3 Nc7 8. Bc4 Ne6 9. Bxe6 dxe6 10. Bf4 Bg7 11. 0-0 Qc7 12. Qe3 h6 13. h3 b6 14. c4 Bb7 15. Rc1 Rd8 16. a3 Na5 17. Nbd2 g5 18. Bg3 Qc8 19. Qc3 Qc7 20. b4 Bxf3 21. Nxf3 Nb7 22. Qe3 Qc8 23. h4 gxh4 24. Bxh4 Rd7 25. Rc3 Rc7 26. Rac1 f6 27. Nd4 fxe5 28. Nb5 Rd7 29. c5 bxc5 30. bxc5 Nd8 31. c6 Rd5 32. c7 Rxb5 33. cxd8Q+ Qxd8 34. Rc8 Rd5 35. Qxa7 Bf6 36. Rxd8+ Rxd8 37. Bxf6 exf6 1-0

[Event "Jersey op"]
[Site "St Helier"]
[Date "2002.02.28"]
[Round "5"]
[White "Kemp, Paul Michael"]
[Black "Keeling, Karen"]
[Result "1/2-1/2"]
[WhiteElo "2033"]
[BlackElo "2048"]
[PlyCount "31"]
[EventDate "2002.02.24"]
[EventType "swiss"]
[EventRounds "7"]
[EventCountry "JCI"]
[SourceTitle "CBM 086 Extra"]
[Source "ChessBase"]
[SourceDate "2002.03.14"]
[SourceVersion "1"]
[SourceVersionDate "2002.03.14"]
[SourceQuality "1"]

1. e4 c6 2. d3 d5 3. Nd2 g6 4. Ngf3 Bg4 5. g3 Bg7 6. Bg2 Nf6 7. 0-0 0-0 8. Qe2 e6 9. h3 Bxf3 10. Nxf3 Nfd7 11. c3 Re8 12. Bg5 Qb6 13. Nh2 Qa6 14. exd5 cxd5 15. Ng4 Nc6 16. Qd2 1/2-1/2

[Event "Guernsey op 27th"]
[Site "Guernsey"]
[Date "2001.10.21"]
[Round "1"]
[White "Kemp, Paul Michael"]
[Black "Ballon, Guenther Jan"]
[Result "0-1"]
[WhiteElo "2032"]
[BlackElo "2220"]
[PlyCount "46"]
[EventDate "2001.10.21"]
[EventType "swiss"]
[EventRounds "7"]
[EventCountry "GCI"]
[SourceTitle "EXT 2002"]
[Source "ChessBase"]
[SourceDate "2001.11.25"]
[SourceVersion "1"]
[SourceVersionDate "2001.11.25"]
[SourceQuality "1"]

1. e4 c5 2. Nf3 e6 3. d3 Nf6 4. g3 d5 5. Qe2 Nc6 6. Bg2 Be7 7. 0-0 0-0 8. exd5 Nxd5 9. Re1 b6 10. Nbd2 Bb7 11. h4 Nd4 12. Nxd4 cxd4 13. Ne4 Rc8 14. Ng5 Rc7 15. Be4 h6 16. Nh7 Re8 17. Qh5 f5 18. Bxh6 fxe4 19. Bxg7 Kxg7 20. Rxe4 Nf6 21. Nxf6 Bxf6 22. Rg4+ Kf8 23. Re1 Qd5 0-1

[Event "Bournemouth op"]
[Site "Bournemouth"]
[Date "2001.02.03"]
[Round "3"]
[White "Kemp, Paul Michael"]
[Black "Yeo, Michael J"]
[Result "0-1"]
[WhiteElo "2032"]
[BlackElo "2207"]
[PlyCount "88"]
[EventDate "2001.02.02"]
[EventType "swiss"]
[EventRounds "5"]
[EventCountry "ENG"]
[SourceTitle "EXT 2002"]
[Source "ChessBase"]
[SourceDate "2001.11.25"]
[SourceVersion "1"]
[SourceVersionDate "2001.11.25"]
[SourceQuality "1"]

1. Nc3 e5 2. Nf3 Nc6 3. d4 exd4 4. Nxd4 Bb4 5. Nxc6 Bxc3+ 6. bxc3 bxc6 7. Qd4 Qf6 8. Bf4 d6 9. Kd2 Rb8 10. g3 Qxd4+ 11. cxd4 Be6 12. Bg2 Ne7 13. e4 0-0 14. Rab1 Rb6 15. Be3 Rfb8 16. Rxb6 axb6 17. Ra1 Ra8 18. a3 Ra4 19. h3 b5 20. c3 Nc8 21. f4 Nb6 22. Bf1 Bc4 23. Bg2 Nd7 24. e5 Ra6 25. Bf2 Kf8 26. g4 Bd5 27. Bf1 f6 28. Bg3 dxe5 29. fxe5 fxe5 30. Bd3 e4 31. Be2 Ra7 32. g5 Ke7 33. Ke3 Nb6 34. Be5 g6 35. h4 Bc4 36. Bxc4 bxc4 37. Bf6+ Ke6 38. Kxe4 Nd5 39. Re1 Rxa3 40. Kf3+ Kf7 41. Be5 Rxc3+ 42. Ke4 Rh3 43. Rf1+ Ke6 44. Rf3 Rxh4+ 0-1